000 00887nam a22001937a 4500
999 _c63945
_d63945
005 20260226125012.0
008 260226s2002 enk||||| |||| 00| 0 eng d
020 _a9780198289012
080 _a338 : 330.342 : 336.02](520) The-44
245 _aThe Japanese economic system and its historical origins /
_cedited by Tetsuji Okazaki a. Masahiro Okuno-Fujiwara.
264 _aOxford :
_bOxford Univ. press,
_c2002.
300 _a294 p.;
_b24 cm.
653 _aიაპონიის ეკონომიკა
653 _aეკონომიკური სისტემები იაპონიაში
653 _aიაპონიის საფინანსო პოლიტიკა
700 _aOkazaki, Tetsuji
_eრედაქტორი
_926985
700 _aOkuno-Fujiwara, Masahiro
_eრედაქტორი
_926986
942 _2udc
_cᲬᲘᲒᲜᲘ